000
00308 a2200157 4500
001
164489
020
_a
040
_c
Magnum
100
_a
Cotta, Luiza Clotilde Sarmento
240
1
0
_a
Voce ai
_l
por
245
1
0
_a
Voce ai
362
0
_a
1899
440
1
_a
Miguilim
697
_a
IJ/POESIA
942
_c
BK
999
_c
164489
_d
164489